1850 1363 1535 1700 1155 1396 1772 1764 1272 1784 1247 1713 1527 1013 1603 1727 1739 1751 1826 1052 1229 1077 2000 1468 1091 1965 1270 1894 1846 1834 1517 1901 1650 1529 1101 1458 1029 1331 1376 1300 1050 1805 1942 1118 1606 1236 1513 1378 1788 1640 1489 1219 1633 1546 1349 1476 1110 1721 1980 1841 1792 1709 1213 1468 1995 1889 1205 1000 1659 1847 1392 1408 1603 1555 1969 1167 1471 1065 1963 1684 1642 1439 1681 1685 1987 1347 1854 1881 1884 1038 1830 1613 1082 1985 1211 1001 1241 1700 1882 BCNSPRNW ULIB Ver.6.0+V

เปลี่ยนเป็นภาษาไทย

Change to English
 แสดงรายละเอียดบรรณานุกรม
  กลับหน้าหลัก

Brief Record : Get Marc (ISO 2709) : E-mail record : QR code < ปิดหน้าต่าง
LEADER : 00000nam 2200000uu 4500
001    13399108370
003     ULIB
008    110302s2549||||th 000 0 tha d
020    9742442177
060 04 QV55^bค124บ 2549
245 00 บัญชียาจากสมุนไพร พ.ศ. 2549ตามประกาศคณะกรรมการแห่งชาติด้านยา (ฉบับที่ 5) พ.ศ. 2549 เรื่องบัญชียาหลักแห่งชาติ พ.ศ. 2547 (ฉบับที่ 4) =^bList ofherbal medicinal products A.D. 2006 /^cคณะกรรมการแห่งชาติด้านยา
246 30 บัญชียาหลักแห่งชาติ พ.ศ. 2547 (ฉบับที่ 4)
246 31 List of herbal medicine products A.D. 2006
260    กรุงเทพฯ :^bโรงพิมพ์ชุมนุมสหกรณ์แห่งประเทศไทย,^c2549
300    iii, ก-ฏ, 100 หน้า ;^c30 ซม.
650  7 ตำรับยาหลวง
650  7 ยาแผนโบราณ^zไทย
650  7 ยาสมุนไพร^zไทย
650  7 สมุนไพร
653    ยาจำเป็น
653    บัญชียาหลักแห่งชาติ
710 2  คณะกรรมการแห่งชาติด้านยา
945    ^p0^l0^i025723
945    ^p0^l0^i025724
945    ^p0^l0^i025721
945    ^p0^l0^i025129
945    ^p0^l0^i025127
945    ^p0^l0^i025126
945    ^p0^l0^i025125
945    ^p0^l0^i025722
945    ^p0^l0^i025720
945    ^p0^l0^i025128
995    ทศพร
999 ^a ใช้งานได้ทุกระบบ
รายการนี้ยังไม่มีแท็ก
คุณยังไม่ได้ล็อกอิน คุณสามารถมีกิจกรรมร่วมกับเว็บไซต์ได้ แต่ต้องล็อกอินก่อน ::
  ล็อกอิน

รายการสื่อสารสนเทศ

ลำดับที่ ประเภท เลขเรียก/บาร์โค้ด สถานที่ สถานะ
- ไม่พบข้อมูล -

รายการใกล้เคียง
    หัวเรื่อง [ตำรับยาหลวง]
    หัวเรื่อง [สมุนไพร]

BibComment


ยังไม่เคยถูกคอมเมนท์

คอมเมนท์ทรัพยากรรายการนี้
  คอมเมนท์: บัญชียาจากสมุนไพร..


 Copyright 2026. Bcnsprnw @Library